• 首页
  • 本馆介绍
  • 公告通知
  • 最新文献
  • 馆藏检索
  • 电子资源
  • 读者导购
  • 参考咨询
  • 我的图书馆
  • 登录
  • 详细信息显示
  • 放入我的书架
  • 预约/预借图书
  • 作者相关作品
  • 分类相关作品
  • 丛书相关作品
  • 出版社相关作品

书目信息

  • 表格格式
  • 工作单格式
  • 卡片格式
题名:
去礼远众 隋炀帝
    
 
作者: 管宝超 编著
分册:  
出版信息: 长春   吉林文史出版社  2018重印
页数: 135页
开本: 22cm
丛书名: 中国文化知识读本
单 册:
中图分类: K827=41
科图分类:
主题词: 皇帝--huang di--传记--中国--隋代
电子资源:
ISBN: 978-7-5463-5019-6
000 00953nam 2200289 45
001 012001010223
005 20140101103040.0
010    @a978-7-5463-5019-6@dCNY34.80
092    @aCN@bSK1124-1383
099    @aCAL 012011336947
100    @a20111124d2011 em y0chiy50 ea
101 0  @achi
102    @aCN@b220000
105    @aa z 000yb
106    @ar
200 1  @a去礼远众 隋炀帝@Aqu li yuan zhong sui yang di@f管宝超编著
210    @a长春@c吉林文史出版社@d2018重印
215    @a135页@c图@d22cm
225 2  @a中国文化知识读本@Azhong guo wen hua zhi shi du ben@i中国古代昏庸帝王
330    @a本书主要内容包括:少年时光;功过是非;穷途末路。
410  0 @12001@a中国文化知识读本@i中国古代昏庸帝王
600  0 @a隋炀帝,@Asui yang di@f569-618@x传记
606 0  @a皇帝@Ahuang di@x传记@y中国@z隋代
690    @aK827=41@v5
701  0 @a管宝超@Aguan bao chao@4编著
801  2 @aCN@b上海新华@c20191020
905    @b1136074-7@dK827=41@e947@f4
    
    去礼远众 隋炀帝/管宝超编著.-长春:吉林文史出版社,2018重印
    135页:图;22cm.-(中国文化知识读本.中国古代昏庸帝王)
    
    
    ISBN 978-7-5463-5019-6:CNY34.80
    本书主要内容包括:少年时光;功过是非;穷途末路。
●
相关链接 在E读中查询图书 在五车中查询图书 在当当中查询图书 在豆瓣中查询图书


正题名:去礼远众 隋炀帝     索取号:K827=41/947         预约/预借

序号 登录号 条形码 馆藏地/架位号 状态 备注
1 1136074   211360748   第二样本阅览室/ [索取号:K827=41/947] 在馆    
2 1136075   211360757   第二借阅区/ [索取号:K827=41/947] 在馆    
3 1136076   211360766   第二借阅区/ [索取号:K827=41/947] 在馆    
4 1136077   211360775   第二借阅区/ [索取号:K827=41/947] 在馆    
唐山师范学院图书馆 欢迎您!
大连网信软件有限公司© 版权所有